000 01005nac a22002411u 4500
010 _a 97009582
020 _a0120959704 (acid-free paper)
082 0 0 _a658.4038
_bBID
090 _c6010
_d6010
100 _aBidgoli, Hossein.
245 1 0 _aModern information systems for managers /
_cHossein Bidgoli.
260 _aSan Diego, CA :
_bAcademic Press,c1997.
_cc1997.
300 _axxvii, 438 p. :
_bill. ;
_c24 cm.
500 _aDistributer: Al-Ahram.
504 _aIncludes bibliographical references and index.
511 _aCatalogued By: Mahitab.
650 0 _aManagement information systems.
650 0 _aInformation resources management.
856 4 2 _3Publisher description
_uhttp://www.loc.gov/catdir/description/els032/97009582.html
856 4 2 _3Table of contents
_uhttp://www.loc.gov/catdir/toc/els032/97009582.html
942 _cBB
_k658.4038BID
999 _c6010
_d6010